| 000 | 01163nam a2200325 4500 | ||
|---|---|---|---|
| 003 | OSt | ||
| 005 | 20180827082157.0 | ||
| 008 | 180825b xxu||||| |||| 00| 0 spa d | ||
| 020 | _a9506790531 | ||
| 040 | _cPJ | ||
| 100 |
_91856 _aDonato, Jorge D. |
||
| 245 | 1 | 0 |
_aLetra de cambio, pagaré, cheque : _bdoctrina - jurisprudencia - legislación / _cJorge D. Donato. |
| 260 |
_aBuenos Aires : _bUniversidad, _c1989. |
||
| 300 |
_a388 p. _c23 cm. |
||
| 500 | _aNotas y citas a pie de página. | ||
| 505 | _aContenido: Decretos-leyes 5965/63 y 4776/63, reformado por ley 23.549. | ||
| 650 | 0 |
_91602 _aDERECHO COMERCIAL |
|
| 650 | 0 |
_91831 _aTITULOS DE CRÉDITO |
|
| 650 | 0 |
_91832 _aCHEQUE |
|
| 650 | 0 |
_91858 _aLETRA DE CAMBIO |
|
| 650 | 0 |
_91859 _aPAGARÉ |
|
| 650 | 0 |
_91835 _aLEY DE CHEQUES |
|
| 653 | _aLEY 23.549 | ||
| 653 | _aDECRETO LEY 4776/63 | ||
| 653 | _aDECRETO LEY 5965/63 | ||
| 710 |
_91839 _aArgentina. Leyes, decretos, etc. Ley nº 23.549 |
||
| 710 |
_91838 _aArgentina. Leyes, decretos, etc. Decreto Ley 4776/63 |
||
| 710 |
_91857 _aArgentina. Leyes, decretos, etc. Decreto Ley 5965/63 |
||
| 942 |
_2udc _cLIB _h347.746/.748 _iDON |
||
| 999 |
_c1251 _d1251 |
||